[Event "7th Batavia Blitz 2015"]
[Site "Amsterdam NED"]
[Date "2015.02.19"]
[Round "5.1"]
[White "Kevlishvili, Robby"]
[Black "Ootes, Lars"]
[Result "0-1"]
[WhiteTitle "FM"]
[WhiteElo "2347"]
[BlackElo "2366"]
[WhiteFideId "1040634"]
[BlackFideId "1019708"]
[EventDate "2015.02.19"]

1. e4 d6 2. d4 g6 3. Nc3 Bg7 4. Be3 c6 5. f4 Nf6 6. h3 O-O 7. Nf3 Na6 8. a3 Nc7
9. Bd3 b5 10. O-O Rb8 11. Qe1 e6 12. Qh4 Nd7 13. Qf2 f5 14. e5 Nb6 15. Rae1 Ncd5
16. Nxd5 Nxd5 17. Bd2 Re8 18. b3 c5 19. dxc5 dxc5 20. Qxc5 a6 21. Ra1 Bb7 22.
Qf2 Rc8 23. Kh1 Bf8 24. Rfd1 Qc7 25. a4 b4 26. a5 Nc3 27. Bxc3 Qxc3 28. Bc4 Bc5
29. Qe2 Rcd8 30. Rxd8 Rxd8 31. Rd1 Rxd1+ 32. Qxd1 Bxf3 33. Qxf3 Qe1+ 34. Qf1 Qg3
35. Qf3 Qe1+ 36. Bf1 Kg7 37. Kh2 Be3 38. g3 g5 39. fxg5 Bxg5 40. Qe2 Qc3 41.
Qxa6 f4 42. Qb7+ Kh6 43. Bd3 fxg3+ 44. Kxg3 Qe1+ 45. Kg2 Qd2+ 46. Kf1 Qc1+ 47.
Kg2 Qd2+ 48. Kf1 Qc1+ 49. Ke2 Qe3+ 50. Kf1 Qxh3+ 51. Qg2 Qe3 52. Qh3+ Qxh3+ 53.
Ke2 Qg2+ 54. Ke1 Qg1+ 55. Ke2 Qe3+ 56. Kf1 Bh4 57. Kg2 Qg3+ 58. Kh1 Qe1+ 59. Kg2
Qf2+ 60. Kh1 Bg3 0-1

[Event "7th Batavia Blitz 2015"]
[Site "Amsterdam NED"]
[Date "2015.02.19"]
[Round "5.2"]
[White "Van Foreest, Jorden"]
[Black "Schmaltz, Roland"]
[Result "1-0"]
[WhiteTitle "IM"]
[BlackTitle "GM"]
[WhiteElo "2494"]
[BlackElo "2527"]
[WhiteFideId "1039784"]
[BlackFideId "4614054"]
[EventDate "2015.02.19"]

1. Nf3 Nf6 2. b3 g6 3. Bb2 Bg7 4. c4 O-O 5. g3 d6 6. Bg2 e5 7. d3 Re8 8. Nbd2
Nc6 9. O-O h6 10. a3 a5 11. Bc3 d5 12. cxd5 Nxd5 13. Bb2 b6 14. Qc2 Bb7 15. Rac1
Nd4 16. Nxd4 exd4 17. Rfe1 c5 18. Nf3 Qd7 19. Ba1 Re7 20. Qb2 Rae8 21. e4 Nc3
22. Nd2 f5 23. Qc2 fxe4 24. Nxe4 Bxe4 25. Bxe4 Nxe4 26. dxe4 Qg4 27. b4 axb4 28.
axb4 cxb4 29. Bxd4 Bxd4 30. Qc4+ Kh7 31. Qxd4 Rxe4 32. Rc7+ R8e7 1-0

[Event "7th Batavia Blitz 2015"]
[Site "Amsterdam NED"]
[Date "2015.02.19"]
[Round "5.3"]
[White "Goudriaan, Etienne"]
[Black "Soors, Stef"]
[Result "0-1"]
[WhiteTitle "IM"]
[BlackTitle "IM"]
[WhiteElo "2349"]
[BlackElo "2407"]
[WhiteFideId "1021150"]
[BlackFideId "209511"]
[EventDate "2015.02.19"]

1. d4 Nf6 2. c4 e6 3. Nf3 Bb4+ 4. Nbd2 O-O 5. a3 Be7 6. e4 d6 7. Bd3 e5 8. O-O
exd4 9. Nxd4 Re8 10. Bc2 a5 11. N2f3 Nfd7 12. Nf5 Bf6 13. Rb1 Nc6 14. b4 Nde5
15. Nxe5 Nxe5 16. Ne3 axb4 17. axb4 Be6 18. Bb3 Nc6 19. Bd2 Nd4 20. Nd5 Bxd5 21.
exd5 Qd7 22. Be3 Re4 23. c5 Qb5 24. c6 bxc6 25. dxc6 Qxc6 26. b5 Qb7 27. Bc4 g6
28. Re1 Rae8 29. Bd3 R4e7 30. Rf1 Qd5 31. h3 Nf5 32. Bxf5 Qxf5 33. Qb3 h5 34.
Rbd1 Kg7 35. Rd5 Qe4 36. b6 Rb8 37. Qd1 cxb6 38. Rxd6 Re6 39. Rd7 b5 40. Qd2 b4
41. Bh6+ Kg8 42. Bf4 Rbe8 43. Bg5 Bc3 44. Qa2 Qf5 45. Be3 Rxe3 46. fxe3 Qxd7 47.
Qc4 Qe6 48. Qc7 Qxe3+ 49. Kh1 Qe7 50. Qc4 Qe6 51. Qd3 Bf6 52. Rf3 Kg7 53. Rf1
Rb8 0-1

[Event "7th Batavia Blitz 2015"]
[Site "Amsterdam NED"]
[Date "2015.02.19"]
[Round "5.4"]
[White "Reinderman, Dimitri"]
[Black "Zwirs, Nico"]
[Result "1-0"]
[WhiteTitle "GM"]
[WhiteElo "2586"]
[BlackElo "2358"]
[WhiteFideId "1001302"]
[BlackFideId "1036432"]
[EventDate "2015.02.19"]

1. e4 e5 2. Nf3 d6 3. d4 exd4 4. Qxd4 a6 5. c4 Nc6 6. Qd2 Bg4 7. Be2 Nf6 8. Nc3
g6 9. b3 Bg7 10. Bb2 O-O 11. h3 Bxf3 12. Bxf3 Re8 13. O-O Rb8 14. Rac1 Ne5 15.
Be2 Ned7 16. Qc2 Nc5 17. f3 Ne6 18. Rfd1 Nh5 19. Bf1 Qg5 20. Qf2 Be5 21. Nd5 Bg3
22. Qd2 Nef4 23. Kh1 c6 24. Qc3 Re5 25. Ne3 Nxh3 26. gxh3 Bf4 27. Ng4 Ng3+ 28.
Kg2 h5 29. Rxd6 hxg4 30. hxg4 Nxe4 31. fxe4 Qxg4+ 32. Kf2 Rbe8 33. Bg2 Qh4+ 34.
Kf1 Bxc1 35. Bxc1 Qg5 36. Bxg5 1-0

[Event "7th Batavia Blitz 2015"]
[Site "Amsterdam NED"]
[Date "2015.02.19"]
[Round "5.5"]
[White "Lai, Hing Ting"]
[Black "Gormally, Daniel W"]
[Result "1-0"]
[BlackTitle "GM"]
[WhiteElo "2308"]
[BlackElo "2489"]
[WhiteFideId "1038257"]
[BlackFideId "406465"]
[EventDate "2015.02.19"]

1. b3 d5 2. Bb2 Bg4 3. g3 c6 4. Bg2 Nd7 5. Nf3 Ngf6 6. O-O e6 7. d3 Bd6 8. Nbd2
Qe7 9. a3 O-O 10. h3 Bh5 11. e4 dxe4 12. dxe4 Be5 13. Qc1 Bxb2 14. Qxb2 Bxf3 15.
Bxf3 e5 16. Nc4 b5 17. Ne3 g6 18. Kg2 Nc5 19. Rfe1 Rfe8 20. Nf1 Rad8 21. Re2 Rd4
22. Rae1 Red8 23. Qc3 R8d6 24. Qxc5 a5 25. Qc3 b4 26. axb4 axb4 27. Qe3 c5 28.
Nd2 Rd8 29. Nc4 Ne8 30. h4 Rxc4 31. bxc4 Rd4 32. h5 Nd6 33. Ra1 Nxc4 34. Ra8+
Kg7 35. h6+ Kf6 36. Ra6+ Rd6 37. Rxd6+ Qxd6 38. Qd3 Qd4 39. Bg4 Kg5 40. Qf3 f6
41. Be6 Nd6 42. Re1 f5 43. exf5 gxf5 44. Rh1 Qe4 45. Rh5+ Kf6 46. Rxf5+ Kxe6 47.
Rf6+ Ke7 48. Rf7+ Ke6 49. Qxe4 Nxe4 50. Rxh7 Kf6 51. Rg7 c4 52. f3 Nd6 53. Rc7
b3 54. cxb3 cxb3 55. h7 Nc4 1-0

[Event "7th Batavia Blitz 2015"]
[Site "Amsterdam NED"]
[Date "2015.02.19"]
[Round "6.1"]
[White "Ootes, Lars"]
[Black "Gormally, Daniel W"]
[Result "0-1"]
[BlackTitle "GM"]
[WhiteElo "2366"]
[BlackElo "2489"]
[WhiteFideId "1019708"]
[BlackFideId "406465"]
[EventDate "2015.02.19"]

1. e4 c5 2. Nf3 d6 3. d4 cxd4 4. Nxd4 Nf6 5. Nc3 a6 6. Bg5 e6 7. f4 Nc6 8. Nxc6
bxc6 9. e5 h6 10. Bh4 g5 11. fxg5 Nd5 12. Ne4 Qb6 13. c3 Qe3+ 14. Qe2 hxg5 15.
Bxg5 Qxe2+ 16. Bxe2 dxe5 17. Rd1 f5 18. Nf2 Be7 19. Bxe7 Kxe7 20. Nd3 e4 21. Ne5
Kf6 22. Nc4 a5 23. Kf2 Ba6 24. h4 Rab8 25. Rb1 a4 26. g3 Rh7 27. Rhc1 e5 28. Ne3
Bxe2 29. Kxe2 Ke6 30. Rf1 Rf7 31. c4 Nb4 32. b3 a3 33. Rbd1 Nxa2 34. Ra1 Nc3+
35. Kd2 Rxb3 36. Kc2 Rfb7 37. Nxf5 Rb2+ 38. Kc1 a2 39. Ng7+ Kd6 40. c5+ Kd5 0-1

[Event "7th Batavia Blitz 2015"]
[Site "Amsterdam NED"]
[Date "2015.02.19"]
[Round "6.2"]
[White "Zwirs, Nico"]
[Black "Lai, Hing Ting"]
[Result "0-1"]
[WhiteElo "2358"]
[BlackElo "2308"]
[WhiteFideId "1036432"]
[BlackFideId "1038257"]
[EventDate "2015.02.19"]

1. e4 g6 2. d4 Bg7 3. Nf3 c6 4. c4 d5 5. exd5 cxd5 6. cxd5 Nf6 7. Bb5+ Nbd7 8.
d6 O-O 9. dxe7 Qxe7+ 10. Be2 Re8 11. Nc3 Nb6 12. O-O Be6 13. h3 Rad8 14. Bb5 Rf8
15. Re1 Qd6 16. Bf1 h6 17. Nb5 Qb8 18. Bd2 Nbd5 19. Ne5 a6 20. Nc3 Bf5 21. Qb3
Kh7 22. Bc4 Be6 23. Nxg6 fxg6 24. Rxe6 Nf4 25. Re7 b5 26. Bf1 Rxd4 27. Be3 Rdd8
28. g3 N4d5 29. Nxd5 Nxd5 30. Re6 Nxe3 31. Rxe3 Bd4 32. Re7+ Kh8 33. Kh1 Rxf2
34. Rae1 Qa8+ 35. R7e4 Rxf1+ 36. Rxf1 Qxe4+ 37. Kh2 Qe2+ 0-1

[Event "7th Batavia Blitz 2015"]
[Site "Amsterdam NED"]
[Date "2015.02.19"]
[Round "6.3"]
[White "Soors, Stef"]
[Black "Reinderman, Dimitri"]
[Result "0-1"]
[WhiteTitle "IM"]
[BlackTitle "GM"]
[WhiteElo "2407"]
[BlackElo "2586"]
[WhiteFideId "209511"]
[BlackFideId "1001302"]
[EventDate "2015.02.19"]

1. e4 d5 2. exd5 Qxd5 3. Nc3 Qa5 4. d4 c6 5. Nf3 Bf5 6. Bc4 e6 7. Bd2 Nf6 8. Nd5
Qd8 9. Nxf6+ gxf6 10. Qe2 Bxc2 11. Rc1 Bg6 12. O-O Be7 13. Rfe1 O-O 14. Nh4 Re8
15. Nxg6 hxg6 16. h4 Bf8 17. h5 g5 18. Rcd1 Nd7 19. f4 Nb6 20. Bb3 gxf4 21. Qg4+
Kh8 22. Bxf4 Nd5 23. Rd3 f5 24. Be5+ Kh7 25. Qh3 Bh6 26. Rg3 Rg8 27. Kh1 Qd7 28.
Bc2 Rxg3 29. Qxg3 Rg8 30. Qh3 Nf4 31. Bxf4 Bxf4 32. Rf1 Qxd4 33. Bxf5+ Kh6 34.
Bb1 Qd2 35. Qf3 e5 36. Qe4 f5 37. Qxf5 Qxg2# 0-1

[Event "7th Batavia Blitz 2015"]
[Site "Amsterdam NED"]
[Date "2015.02.19"]
[Round "6.4"]
[White "Schmaltz, Roland"]
[Black "Goudriaan, Etienne"]
[Result "1-0"]
[WhiteTitle "GM"]
[BlackTitle "IM"]
[WhiteElo "2527"]
[BlackElo "2349"]
[WhiteFideId "4614054"]
[BlackFideId "1021150"]
[EventDate "2015.02.19"]

1. e4 b6 2. d4 Bb7 3. Nd2 e6 4. Ngf3 d6 5. Bd3 Nd7 6. c3 Ngf6 7. O-O Be7 8. Re1
e5 9. Nf1 O-O 10. Ng3 g6 11. h3 Re8 12. a4 a6 13. d5 c6 14. dxc6 Bxc6 15. Bg5
Nf8 16. Bxf6 Bxf6 17. Qe2 Ne6 18. Bxa6 Nf4 19. Qc4 Bd7 20. Bb5 Be6 21. Qf1 Re7
22. Ne2 Nh5 23. Rad1 Rc7 24. Rd2 Qe7 25. Nc1 Rd8 26. Nd3 Bg5 27. Rdd1 Bh6 28.
Nb4 Qf6 29. Nh2 Nf4 30. Nd5 Bxd5 31. exd5 Rc5 32. c4 Qf5 33. Ng4 Bg7 34. g3
Nxh3+ 35. Qxh3 h5 36. f3 hxg4 37. Qxg4 Qc2 38. Rb1 Rc7 39. Qe4 Qb3 40. Qe3 Qxe3+
41. Rxe3 f5 42. Kg2 Kf7 43. b4 Kf6 44. a5 bxa5 45. bxa5 Ra8 46. a6 Bh6 47. Ra3
Bd2 48. Bc6 Raa7 49. Rb7 Rcxb7 50. axb7 Rxa3 51. b8=Q Ra2 52. Qxd6+ Kg5 53. Qe7+
Kh6 54. Kh3 Be3 55. Qxe5 Bg1 56. Qh8+ 1-0

[Event "7th Batavia Blitz 2015"]
[Site "Amsterdam NED"]
[Date "2015.02.19"]
[Round "6.5"]
[White "Kevlishvili, Robby"]
[Black "Van Foreest, Jorden"]
[Result "0-1"]
[WhiteTitle "FM"]
[BlackTitle "IM"]
[WhiteElo "2347"]
[BlackElo "2494"]
[WhiteFideId "1040634"]
[BlackFideId "1039784"]
[EventDate "2015.02.19"]

1. e4 d5 2. exd5 Nf6 3. Bb5+ Bd7 4. Be2 Nxd5 5. d4 g6 6. Nf3 Bg7 7. c4 Nf6 8. h3
O-O 9. O-O c6 10. Nc3 Na6 11. Be3 Nc7 12. Rc1 Be6 13. b3 Re8 14. Ne5 Nd7 15. Nf3
Nf6 16. Qd2 Bf5 17. Rfd1 Ne4 18. Nxe4 Bxe4 19. Bh6 Bxh6 20. Qxh6 Bxf3 21. Bxf3
e6 22. Qf4 Rc8 23. h4 h5 24. g3 Kg7 25. Kg2 Qf6 26. Qe3 a6 27. Re1 Rcd8 28. Rcd1
Rd7 29. Rd2 Red8 30. Red1 Ne8 31. d5 cxd5 32. cxd5 e5 33. Be4 Nd6 34. Bd3 Rc8
35. Re1 Re7 36. Bb1 e4 37. Rde2 Rc3 38. Qd2 e3 39. Rxe3 Rexe3 40. Rxe3 Rxe3 41.
Qxe3 Qb2 42. Qd3 Qe5 43. a4 b5 44. axb5 axb5 45. Bc2 b4 46. Qf3 Nb5 47. Qe3 Qxe3
48. fxe3 Kf6 49. Kf3 Ke5 50. Bd3 Nd6 51. Ke2 Kxd5 52. Bc2 Ke5 53. Bd3 Nf5 54.
Kf3 Ne7 55. Bc4 f6 56. Bf7 Kf5 57. Be8 Nd5 58. Bd7+ Ke5 59. Be8 Ne7 60. Bf7 f5
61. Be8 Kf6 62. Bd7 Ke5 63. Be8 Ke6 64. e4 Kf6 65. exf5 Nxf5 66. g4 Nd4+ 67. Kf4
hxg4 68. Ba4 Ne6+ 69. Kxg4 Nc5 70. Bb5 Nxb3 71. Bc4 Nc5 72. h5 gxh5+ 73. Kxh5 0-1

[Event "7th Batavia Blitz 2015"]
[Site "Amsterdam NED"]
[Date "2015.02.19"]
[Round "7.1"]
[White "Van Foreest, Jorden"]
[Black "Ootes, Lars"]
[Result "1-0"]
[WhiteTitle "IM"]
[WhiteElo "2494"]
[BlackElo "2366"]
[WhiteFideId "1039784"]
[BlackFideId "1019708"]
[EventDate "2015.02.19"]

1. Nf3 g6 2. g3 Bg7 3. Bg2 d6 4. O-O Nc6 5. d4 Bg4 6. d5 Bxf3 7. exf3 Nb8 8. Qe2
Nf6 9. f4 O-O 10. Re1 Nbd7 11. Nc3 Re8 12. Be3 Nb6 13. a4 Rb8 14. a5 Nc8 15. Qd3
b6 16. Ra2 e6 17. axb6 axb6 18. Bd4 e5 19. fxe5 dxe5 20. Rxe5 Nd6 21. Ra1 Qd7
22. Rae1 Rxe5 23. Bxe5 Re8 24. h3 b5 25. Re2 Nc4 26. Bd4 Rxe2 27. Qxe2 h5 28. b3
Nd6 29. Qd3 b4 30. Ne2 Nf5 31. Bc5 Ne8 32. Bxb4 Ned6 33. c4 h4 34. g4 Ne7 35. c5
Ne8 36. Bc3 Nf6 37. d6 cxd6 38. Qxd6 Qe8 39. Bxf6 Nc8 40. Qd8 1-0

[Event "7th Batavia Blitz 2015"]
[Site "Amsterdam NED"]
[Date "2015.02.19"]
[Round "7.2"]
[White "Goudriaan, Etienne"]
[Black "Kevlishvili, Robby"]
[Result "0-1"]
[WhiteTitle "IM"]
[BlackTitle "FM"]
[WhiteElo "2349"]
[BlackElo "2347"]
[WhiteFideId "1021150"]
[BlackFideId "1040634"]
[EventDate "2015.02.19"]

1. d4 d5 2. Nf3 Nf6 3. c4 c6 4. Nc3 e6 5. e3 Nbd7 6. Qc2 b6 7. Be2 Bb7 8. cxd5
exd5 9. a3 Be7 10. g4 c5 11. g5 Ne4 12. Bb5 a6 13. Bxd7+ Qxd7 14. Nxe4 dxe4 15.
Ne5 Qe6 16. Bd2 O-O 17. Rg1 cxd4 18. exd4 Rac8 19. Bc3 Rfd8 20. O-O-O b5 21. Kb1
Bd5 22. Qd2 Bd6 23. Ng4 Kh8 24. Rde1 Re8 25. f3 Qg6 26. Ka1 exf3 27. Ne5 Qf5 28.
g6 f2 29. gxf7 fxe1=Q+ 30. Qxe1 Bxf7 31. Rf1 Rxe5 32. dxe5 Qe6 33. Rxf7 Qxf7 34.
exd6 Qd7 35. Qe5 Re8 36. Qd4 Rf8 37. a4 bxa4 38. h4 h6 39. Qg1 Rf7 40. Qg3 Rf1+
41. Ka2 Qe6+ 42. Ka3 Qb3# 0-1

[Event "7th Batavia Blitz 2015"]
[Site "Amsterdam NED"]
[Date "2015.02.19"]
[Round "7.3"]
[White "Reinderman, Dimitri"]
[Black "Schmaltz, Roland"]
[Result "0-1"]
[WhiteTitle "GM"]
[BlackTitle "GM"]
[WhiteElo "2586"]
[BlackElo "2527"]
[WhiteFideId "1001302"]
[BlackFideId "4614054"]
[EventDate "2015.02.19"]

1. e4 c5 2. Ne2 e6 3. Nbc3 a6 4. g3 b5 5. Bg2 Bb7 6. O-O Nc6 7. d3 d6 8. Be3 Nf6
9. h3 Be7 10. g4 O-O 11. f4 b4 12. Na4 Nd7 13. c3 a5 14. d4 cxd4 15. cxd4 Ba6
16. Rf2 Rc8 17. d5 exd5 18. exd5 Bxe2 19. Rxe2 Ncb8 20. Qd3 g6 21. Qb5 Bf6 22.
Bf2 Bg7 23. Rae1 Qc7 24. Re7 Bf6 25. R7e2 h6 26. Bf3 Qd8 27. Nb6 Nxb6 28. Bxb6
Qd7 29. Qxa5 Rc4 30. Re4 Qc8 31. Qb5 Rxe4 32. Bxe4 Bxb2 33. Kg2 Bc3 34. Re2 Nd7
35. Bf2 Nc5 36. Bf3 Qb8 37. Qc4 Rc8 38. Bxc5 Rxc5 39. Qe4 Bf6 40. Qe8+ Qxe8 41.
Rxe8+ Kg7 42. Rb8 Rc4 43. Rb6 Be7 44. h4 Rxf4 45. Kg3 Rd4 46. h5 Bf6 47. hxg6
Be5+ 48. Kf2 Kxg6 49. Ke3 Kg5 50. Rb7 Kf6 51. Be4 Rc4 52. Bf5 Rc3+ 53. Ke4 Rc4+
54. Ke3 h5 55. Bd3 Rxg4 56. Be2 Rg3+ 57. Kf2 h4 58. Rxb4 Kg5 59. Rb7 Bd4+ 60.
Ke1 h3 61. Rxf7 h2 62. Rh7 Rg1+ 63. Kd2 h1=Q 0-1

[Event "7th Batavia Blitz 2015"]
[Site "Amsterdam NED"]
[Date "2015.02.19"]
[Round "7.4"]
[White "Lai, Hing Ting"]
[Black "Soors, Stef"]
[Result "1-0"]
[BlackTitle "IM"]
[WhiteElo "2308"]
[BlackElo "2407"]
[WhiteFideId "1038257"]
[BlackFideId "209511"]
[EventDate "2015.02.19"]

1. c4 e5 2. g3 Nc6 3. Nc3 Bc5 4. Bg2 a6 5. Nf3 d6 6. O-O Nf6 7. a3 O-O 8. b4 Ba7
9. d3 Nd4 10. Bb2 Nxf3+ 11. Bxf3 c6 12. e3 Bh3 13. Bg2 Bxg2 14. Kxg2 d5 15. cxd5
cxd5 16. Ne2 Qe7 17. Rc1 Rac8 18. Qb3 h5 19. h4 Qe6 20. Ng1 Ng4 21. Nf3 Bxe3 22.
fxe3 Nxe3+ 23. Kh2 Nxf1+ 24. Rxf1 f6 25. Rf2 b5 26. Nd2 Rc6 27. Nf1 Rfc8 28. Qd1
Qg4 29. Qb3 Qe6 30. Qd1 Qg4 31. Qb3 Qe6 32. Re2 d4 33. Qd1 Qg4 34. Qb3+ Kh7 35.
Rf2 R8c7 36. Kg2 Qc8 37. Qd1 Qg4 38. Qb3 Qc8 39. Qd1 Qg4 40. Qb3 Qe6 41. Qd1 g6
42. Nh2 Qc8 43. Qf3 Rc2 44. Qxf6 Rxf2+ 45. Kxf2 Rc2+ 46. Kg1 Rxb2 47. Qe7+ Kg8
48. Nf1 1-0

[Event "7th Batavia Blitz 2015"]
[Site "Amsterdam NED"]
[Date "2015.02.19"]
[Round "7.5"]
[White "Gormally, Daniel W"]
[Black "Zwirs, Nico"]
[Result "1/2-1/2"]
[WhiteTitle "GM"]
[WhiteElo "2489"]
[BlackElo "2358"]
[WhiteFideId "406465"]
[BlackFideId "1036432"]
[EventDate "2015.02.19"]

1. e4 d5 2. Nc3 d4 3. Nce2 e5 4. Nf3 Nc6 5. Ng3 h5 6. h4 Nf6 7. Ng5 Be6 8. Nxe6
fxe6 9. Bc4 Qd7 10. Qe2 a6 11. d3 Na5 12. Bb3 g6 13. Bg5 Bb4+ 14. Kf1 Rf8 15.
Kg1 Be7 16. f3 O-O-O 17. Bd2 Nxb3 18. axb3 Kb8 19. Nf1 Ne8 20. Be1 Nd6 21. Bg3
Bf6 22. Nd2 Qg7 23. f4 exf4 24. Bxf4 e5 25. Bg3 g5 26. Nf3 gxh4 27. Bxh4 Rg8 28.
Bxf6 Qxf6 29. Rxh5 Rdf8 30. Rf1 Nf7 31. Rf5 Qh6 32. Qf2 Rh8 33. Qh4 Qe3+ 34. Qf2 1/2-1/2

[Event "7th Batavia Blitz 2015"]
[Site "Amsterdam NED"]
[Date "2015.02.19"]
[Round "8.1"]
[White "Ootes, Lars"]
[Black "Zwirs, Nico"]
[Result "1-0"]
[WhiteElo "2366"]
[BlackElo "2358"]
[WhiteFideId "1019708"]
[BlackFideId "1036432"]
[EventDate "2015.02.19"]

1. e4 d5 2. exd5 Nf6 3. Nf3 Bg4 4. h3 Bxf3 5. Qxf3 Qxd5 6. Be2 c6 7. O-O Nbd7 8.
Qxd5 cxd5 9. d4 e6 10. Bf4 a6 11. Nd2 Rc8 12. c4 Bb4 13. Rfc1 Ke7 14. a3 Bd6 15.
Be3 dxc4 16. Nxc4 Bb8 17. Bf3 Nd5 18. Bxd5 exd5 19. Na5 b6 20. Nc6+ Kf6 21. Nxb8
Nxb8 22. Bf4 Nc6 23. Re1 Na5 24. Re3 Rhe8 25. Rf3 Ke7 26. Re1+ Kf8 27. Bd6+ Kg8
28. Rxe8+ Rxe8 29. Bc7 Nc4 30. b3 Nxa3 31. Bxb6 f6 32. Bc5 Nb5 33. Rf5 Re1+ 34.
Kh2 Rb1 35. Rxd5 Rxb3 36. Rd8+ Kf7 37. Ra8 Rd3 38. Rxa6 Nxd4 39. Rd6 Nf3+ 40.
gxf3 Rxf3 41. Kg2 Rf5 42. Be3 Re5 43. Rd7+ Kg6 44. Kg3 h5 45. h4 Rb5 46. Rc7 Rb4
47. Bc5 Rg4+ 48. Kh3 Rc4 49. Bd6 Rg4 50. f3 Rg1 51. Bf8 Kh7 52. Kh2 Rg6 53. Rc2
Kg8 54. Bd6 Kh7 55. Rg2 Rxg2+ 56. Kxg2 Kg6 57. Kg3 Kf5 58. Bf8 g6 59. Bh6 Ke5
60. Kf2 Kf5 61. Kg3 Ke5 62. Bf8 Ke6 63. Kf4 Kf7 64. Ba3 Ke6 65. Bb2 Kf7 66. Ke4
Ke6 67. Bc1 Kd6 68. Bb2 Ke6 69. Bc3 Kf7 70. Kd5 Ke7 71. Bb2 g5 72. Ba3+ Kf7 73.
Bd6 Kg6 74. Bg3 Kf5 75. Kd4 gxh4 76. Bh2 h3 77. Ke3 h4 78. Kd4 Kg5 79. Ke4 f5+
80. Ke5 Kg6 81. Bf4 h2 82. Bxh2 Kg5 83. Bf4+ Kg6 84. Ke6 h3 85. Bh2 Kg5 86. Ke5
Kg6 87. Bf4 1-0

[Event "7th Batavia Blitz 2015"]
[Site "Amsterdam NED"]
[Date "2015.02.19"]
[Round "8.2"]
[White "Soors, Stef"]
[Black "Gormally, Daniel W"]
[Result "0-1"]
[WhiteTitle "IM"]
[BlackTitle "GM"]
[WhiteElo "2407"]
[BlackElo "2489"]
[WhiteFideId "209511"]
[BlackFideId "406465"]
[EventDate "2015.02.19"]

1. e4 c5 2. c3 Nf6 3. e5 Nd5 4. d4 cxd4 5. Nf3 e6 6. cxd4 b6 7. Nc3 Nxc3 8. bxc3
Qc7 9. Bd2 d6 10. Bd3 Bb7 11. O-O Nd7 12. Ng5 dxe5 13. Qh5 g6 14. Qh3 Be7 15. f4
exd4 16. cxd4 Qd6 17. Rae1 Qxd4+ 18. Kh1 Bxg5 19. fxg5 O-O 20. Rf4 Qb2 21. Be3
Nc5 22. Bxc5 bxc5 23. Rb1 Qd2 24. Rh4 Bxg2+ 25. Qxg2 Qxd3 26. Rf1 Qd5 27. Rf3
Rab8 28. h3 Rb1+ 29. Kh2 Rfb8 0-1

[Event "7th Batavia Blitz 2015"]
[Site "Amsterdam NED"]
[Date "2015.02.19"]
[Round "8.3"]
[White "Schmaltz, Roland"]
[Black "Lai, Hing Ting"]
[Result "1-0"]
[WhiteTitle "GM"]
[WhiteElo "2527"]
[BlackElo "2308"]
[WhiteFideId "4614054"]
[BlackFideId "1038257"]
[EventDate "2015.02.19"]

1. e4 c6 2. d4 d5 3. e5 Bf5 4. Nf3 e6 5. Be2 Nd7 6. O-O Ne7 7. Nh4 c5 8. c3 Rc8
9. a3 Bg6 10. Nxg6 hxg6 11. Nd2 Nf5 12. Nf3 Nh4 13. Ne1 a6 14. g3 Nf5 15. Nf3
Be7 16. b3 b5 17. a4 c4 18. axb5 axb5 19. Kg2 Kf8 20. b4 Nb6 21. Bd2 f6 22. Re1
g5 23. h3 Qe8 24. Bf1 Qh5 25. Kg1 g4 26. Nh2 fxe5 27. Rxe5 Kf7 28. Nxg4 Bf6 29.
Ra7+ Be7 30. Qe2 Qg6 31. Rxd5 Kg8 32. Rxb5 Nd5 33. Rbb7 Bd6 34. Bg2 Rf8 35. Ne5
Qe8 36. Qg4 Rh7 37. Nxc4 Be7 38. Qe2 Bf6 39. Bxd5 exd5 40. Qxe8 Rxe8 41. Ne3
Nxe3 42. Bxe3 Rxh3 43. Kg2 Rh5 44. b5 Kh7 45. b6 Kg6 46. Rd7 Kf5 47. Kf3 Rhh8
48. Rxd5+ Ke6 49. Rb5 Rb8 50. d5+ Kf5 51. c4 1-0

[Event "7th Batavia Blitz 2015"]
[Site "Amsterdam NED"]
[Date "2015.02.19"]
[Round "8.4"]
[White "Kevlishvili, Robby"]
[Black "Reinderman, Dimitri"]
[Result "1-0"]
[WhiteTitle "FM"]
[BlackTitle "GM"]
[WhiteElo "2347"]
[BlackElo "2586"]
[WhiteFideId "1040634"]
[BlackFideId "1001302"]
[EventDate "2015.02.19"]

1. e4 d5 2. exd5 Qxd5 3. Nf3 Bg4 4. Be2 Nc6 5. d4 O-O-O 6. c4 Qf5 7. Be3 Nf6 8.
Nbd2 e6 9. O-O Bd6 10. h3 h5 11. a3 g5 12. Nxg5 Rdg8 13. h4 Nxd4 14. Bxd4 Qf4
15. g3 Qxd4 16. Nb3 Qxb2 17. Bxg4 Nxg4 18. Rb1 Qf6 19. Ne4 Qe7 20. Nd4 Ne3 21.
Qb3 b6 22. Qxe3 Be5 23. Nc6 Qxh4 1-0

[Event "7th Batavia Blitz 2015"]
[Site "Amsterdam NED"]
[Date "2015.02.19"]
[Round "8.5"]
[White "Van Foreest, Jorden"]
[Black "Goudriaan, Etienne"]
[Result "1-0"]
[WhiteTitle "IM"]
[BlackTitle "IM"]
[WhiteElo "2494"]
[BlackElo "2349"]
[WhiteFideId "1039784"]
[BlackFideId "1021150"]
[EventDate "2015.02.19"]

1. e4 a6 2. d4 h6 3. Nc3 e6 4. Nf3 d6 5. Be3 b6 6. Qd2 Bb7 7. Be2 Nd7 8. h4 Ngf6
9. Bd3 Ng4 10. Bf4 Be7 11. O-O-O b5 12. Bg3 Nb6 13. Qf4 Nf6 14. h5 b4 15. Ne2
O-O 16. e5 Nbd5 17. Qh4 c5 18. exf6 Bxf6 19. Qe4 Re8 20. dxc5 Qa5 21. Qh7+ Kf8
22. Bxd6+ 1-0

[Event "7th Batavia Blitz 2015"]
[Site "Amsterdam NED"]
[Date "2015.02.19"]
[Round "9.1"]
[White "Goudriaan, Etienne"]
[Black "Ootes, Lars"]
[Result "1-0"]
[WhiteTitle "IM"]
[WhiteElo "2349"]
[BlackElo "2366"]
[WhiteFideId "1021150"]
[BlackFideId "1019708"]
[EventDate "2015.02.19"]

1. f4 g6 2. Nf3 Bg7 3. g3 d6 4. Bg2 e5 5. fxe5 dxe5 6. d3 Nc6 7. O-O h6 8. Nc3
Be6 9. Ne4 Nf6 10. Nc5 Bc8 11. c3 Qe7 12. b4 a6 13. a4 O-O 14. Ba3 Rd8 15. b5
axb5 16. Nxb7 b4 17. Nxd8 bxa3 18. Nxc6 Qc5+ 19. d4 Qxc6 20. Nxe5 Qxa4 21. Bxa8
Qxa8 22. Qb3 Be6 23. Qxa3 Qe4 24. Qa8+ Qxa8 25. Rxa8+ Kh7 26. Ra7 Nd5 27. Nxf7
Nxc3 28. Rxc7 Nxe2+ 29. Kf2 Nxd4 30. Nd8 Bg4 31. Re1 h5 32. Re4 Nf5 33. Ne6 Kh6
34. Nxg7 Nxg7 35. h4 g5 36. Ree7 gxh4 37. Rxg7 h3 38. Rxg4 hxg4 39. Kg1 Kg5 40.
Rc4 Kf5 41. Rf4+ Kg5 42. Rf8 Kg6 43. Kf2 Kg7 44. Rf4 h2 45. Rxg4+ 1-0

[Event "7th Batavia Blitz 2015"]
[Site "Amsterdam NED"]
[Date "2015.02.19"]
[Round "9.2"]
[White "Reinderman, Dimitri"]
[Black "Van Foreest, Jorden"]
[Result "1-0"]
[WhiteTitle "GM"]
[BlackTitle "IM"]
[WhiteElo "2586"]
[BlackElo "2494"]
[WhiteFideId "1001302"]
[BlackFideId "1039784"]
[EventDate "2015.02.19"]

1. e4 c5 2. Nc3 d6 3. Nge2 e5 4. Nd5 Nc6 5. Nec3 Be6 6. Bc4 a6 7. a4 g6 8. d3
Bg7 9. h4 h5 10. Bg5 Nge7 11. Nf6+ Kf8 12. O-O Nd4 13. Nfd5 Ndc6 14. f4 Qd7 15.
Nb6 Qd8 16. Nxa8 Bxc4 17. dxc4 f6 18. fxe5 Nxe5 19. Bxf6 Bxf6 20. Rxf6+ Kg7 21.
Qxd6 N7c6 22. Raf1 Qxd6 23. Rxd6 Rxa8 24. b3 Re8 25. Nd5 Nd4 26. Rb6 Rb8 27.
Rff6 Ndc6 28. Rd6 Kf7 29. Kf2 Nd4 30. c3 Ndc6 31. Ke2 Kg7 32. Nf4 Kf7 33. Nd3
Ke7 34. Nxe5 Kxd6 35. Nxc6 Re8 36. Na5+ Ke5 37. Ke3 1-0